Extent of social capital formation among Dalits through decentralization process in Kerala during IX plan period (Record no. 64872)

000 -LEADER
fixed length control field 01362pab a2200193 454500
008 - FIXED-LENGTH DATA ELEMENTS--GENERAL INFORMATION
fixed length control field 180718b2005 xxu||||| |||| 00| 0 eng d
100 ## - MAIN ENTRY--PERSONAL NAME
Personal name Kumar, K. Mohana
245 ## - TITLE STATEMENT
Title Extent of social capital formation among Dalits through decentralization process in Kerala during IX plan period
260 ## - PUBLICATION, DISTRIBUTION, ETC.
Date of publication, distribution, etc. 2005
300 ## - PHYSICAL DESCRIPTION
Extent p.45-56.
362 ## - DATES OF PUBLICATION AND/OR SEQUENTIAL DESIGNATION
Dates of publication and/or sequential designation Jan-Mar
520 ## - SUMMARY, ETC.
Summary, etc. The present paper mainly analyses the concept of social capital; it also attempts to find out whether decentralisation is helpful in creating social capital. The paper also measures the noticeable creation of social capital among Dalits in the context of Peoples Plan Campaign during IX plan period. People's Plan Campagan is generally considered as a large-scale decentralization experiment the first of its kind in the world. The study observs that there exists a definite local level development. The study found that peoples plan was instrumental in creating new social capital. The creation of the additional social capital and the newly gained political awareness necessarily forges a link between social capital formation and state intervention in Kerala. - Reproduced.
650 ## - SUBJECT ADDED ENTRY--TOPICAL TERM
Topical term or geographic name entry element Decentralization - India - Kerala
650 ## - SUBJECT ADDED ENTRY--TOPICAL TERM
Topical term or geographic name entry element Backward classes - India - Kerala
650 ## - SUBJECT ADDED ENTRY--TOPICAL TERM
Topical term or geographic name entry element Social capital - India - Kerala
650 ## - SUBJECT ADDED ENTRY--TOPICAL TERM
Topical term or geographic name entry element Social capital
773 ## - HOST ITEM ENTRY
Main entry heading ISDA Journal
909 ## -
-- 64872
Holdings
Withdrawn status Lost status Damaged status Not for loan Permanent Location Current Location Date acquired Serial Enumeration / chronology Barcode Date last seen Price effective from Koha item type
        Indian Institute of Public Administration Indian Institute of Public Administration 2018-07-19 Volume no: 15, Issue no: 1 AR65324 2018-07-19 2018-07-19 Articles

Powered by Koha